Orange : (Record no. 7314)

MARC details
000 -LEADER
fixed length control field 00830nam a22002657a 4500
001 - CONTROL NUMBER
control field 7314
003 - CONTROL NUMBER IDENTIFIER
control field FISKH
005 - DATE AND TIME OF LATEST TRANSACTION
control field 20250709105450.0
008 - FIXED-LENGTH DATA ELEMENTS--GENERAL INFORMATION
fixed length control field 250709b cb ||||| |||| 00| 0 eng d
020 ## - INTERNATIONAL STANDARD BOOK NUMBER
International Standard Book Number 9780736850667
040 ## - CATALOGING SOURCE
Original cataloging agency FISKH
Language of cataloging eng
Transcribing agency FISKH
Modifying agency FISKH
050 ## - LIBRARY OF CONGRESS CALL NUMBER
Classification number QC495 .S365
082 ## - DEWEY DECIMAL CLASSIFICATION NUMBER
Classification number 535.6
100 ## - MAIN ENTRY--PERSONAL NAME
Personal name Schuette, Sarah L.
245 ## - TITLE STATEMENT
Title Orange :
Remainder of title Seeing orange all around us /
Statement of responsibility, etc. by Sarah L. Schuette
260 ## - PUBLICATION, DISTRIBUTION, ETC.
Place of publication, distribution, etc. Minnesota :
Name of publisher, distributor, etc. Capstone Press,
Date of publication, distribution, etc. 2003
300 ## - PHYSICAL DESCRIPTION
Extent 32 pages :
Other physical details color illustrations ;
Dimensions 26 cm
505 ## - FORMATTED CONTENTS NOTE
Formatted contents note J<br/>
520 ## - SUMMARY, ETC.
Summary, etc. Text and photographs describe common things that are orange, including goldfish, pumpkins, and basketballs.<br/>
521 8# - TARGET AUDIENCE NOTE
Target audience note 440<br/>
Source Lexile estimate<br/>
521 8# - TARGET AUDIENCE NOTE
Target audience note J<br/>
Source Raz-Plus<br/>
650 ## - SUBJECT ADDED ENTRY--TOPICAL TERM
Topical term or geographic name entry element Oranges
Form subdivision Science
General subdivision Skills
942 ## - ADDED ENTRY ELEMENTS (KOHA)
Source of classification or shelving scheme Dewey Decimal Classification
Koha item type Books
Suppress in OPAC No
Holdings
Withdrawn status Lost status Source of classification or shelving scheme Damaged status Not for loan Collection Home library Current library Shelving location Date acquired Total Checkouts Full call number Barcode Date last seen Copy number Price effective from Koha item type
    Dewey Decimal Classification     Non-Fiction Footprints International School Library Network Toul Kork Campus Footprints International School Library Network Toul Kork Campus TK Primary Library Room(4th Floor), Bookcase 1&2, Shelves 1-16, Dark Blue Books 07/09/2025   SCH 535.6 QC495 .S365 FISTK02474 07/09/2025 1 07/09/2025 Books